Compositores nacidos entre 1913-1916
Colección editada por el Fondo Nacional de las Artes, que abarca la historia de la música argentina en los siglos XIX y XX.
Saved in:
| Corporate Author: | |
|---|---|
| Other Authors: | , , , , , , , , , , , , |
| Format: | Audio |
| Language: | Spanish |
| Published: |
Buenos Aires :
Fondo Nacional de las Artes :
1995
|
| Series: | Panorama de la música argentina ;
|
| Subjects: |
| LEADER | 02628Cjm#a2200505#a#4500 | ||
|---|---|---|---|
| 001 | 000432 | ||
| 003 | AR-BeUNQ | ||
| 005 | 20190507133412.0 | ||
| 008 | 130822s1995####ag ||||g#e h #|#spa#d | ||
| 999 | |c 2736 |d 78123 | ||
| 040 | |a AR-BeUNQ |e aacr | ||
| 082 | 0 | 4 | |a 780.982 |2 21 |
| 099 | |a C/36-F19 [Solicitar en mostrador] | ||
| 245 | 0 | 0 | |a Compositores nacidos entre 1913-1916 |c edición Iván René Cosentino ; masterización Javier L. Cosentino ; diseño gráfico Lala Naveira ; Fondo Nacional de las Artes. |h [grabación sonora] / |
| 260 | |a Buenos Aires : |b Fondo Nacional de las Artes : |c 1995 | ||
| 300 | |a 1 CD-Rom : |b son.digital, estéreo ; |c 4 3/4 plg + |e 1 folleto ([16] p. : il. ; 12 cm.] | ||
| 306 | |a 1 h. 15 min. | ||
| 490 | 0 | |a Panorama de la música argentina ; | |
| 500 | |a Información musicológica y biográfica de los autores en folleto inserto. | ||
| 505 | 0 | |a Seis piezas / Pedro Sáenz (07:19) -- Due tempi / Francisco Marigo (08:23) -- Suite "Amerindia" / Héctor Iglesias Villoud (06:29) -- Cánticos para el caminante. Construcciones sonoras / Alberto Soriano (06:24) -- Preludios nacionales / Ángel Lasala (06:10) -- Quinteto. Grupo estudio contemporáneo / Guillermo Graetzer (08:55) -- Pa'la Dorita (01:33) ; Como la ven (02:03) / Remo Pignoni -- Oratorio Carlos Gardel / Horacio Salgán (07:29) -- Tangos románticos / Elifio Rosáenz (07:20) -- Nostalgia de la serranía (01:30) ; Andina (01:39) ; Serie Breve Estampas : Sureña (01:42) ; Pampeana (02:08) / Magdalena García Robson. | |
| 520 | |a Colección editada por el Fondo Nacional de las Artes, que abarca la historia de la música argentina en los siglos XIX y XX. | ||
| 648 | 4 | |a 1913-1916 | |
| 650 | 7 | |a Música |2 spines | |
| 650 | 7 | |a Músico |2 unescot | |
| 650 | 7 | |a Historia de la música |2 tha | |
| 650 | 7 | |a Historia de las artes |2 tha | |
| 651 | 7 | |a Argentina |2 Spines | |
| 653 | |a CD-Audio | ||
| 700 | 1 | |a Cosentino, Iván René , |d 1935- |e ed. |4 edt | |
| 700 | 1 | |a Cosentino, Javier L, |e masterización | |
| 700 | 1 | |a Naveira, Lala, |e diseño | |
| 700 | 1 | |a Iglesias Villoud, Héctor, |d 1913-1988. | |
| 700 | 1 | |a Lasala, Ángel, |d 1914- | |
| 700 | 1 | |a Graetzer, Guillermo, |d 1914-1993. | |
| 700 | 1 | |a Pignoni, Remo, |d 1915-1988. | |
| 700 | 1 | |a Sáenz, Pedro, |e 1915-1995 | |
| 700 | 1 | |a Soriano, Alberto, |d 1915-1981. | |
| 700 | 1 | |a Rosáenz, Elifio Eduardo, |d 1916- | |
| 700 | 1 | |a García Robson, Magdalena, |d 1916- | |
| 700 | 1 | |a Marigo, Francisco, |d 1916- | |
| 700 | 1 | |a Salgán, Horacio, |d 1916- | |
| 710 | 2 | |a Fondo Nacional de las Artes [Buenos Aires]. | |
| 830 | 0 | |v 305 | |
| 929 | |e 19991117 |j 27217 | ||
| 942 | |c CD |n 0 | ||